000 00677nam a2200229Ia 4500
003 OSt
005 20221005121711.0
006 a|||||r|||| 00| 0
007 ta
008 221004b |||||||| |||| 00| 0 eng d
024 _a35449
037 _cTextual
040 _aCRL
_cCRL
_beng
041 _2eng
_aeng
082 _aW:5, J32
100 _aMadhavtirtha Swami
_9628214
245 0 _aHuman rights
_b Based on Indian social philosophy and dharma compared with human rights adopted by UNO and by the Constitution of India
260 _c1953
650 _aPOLITICAL SCIENCE
942 _hW:5, J32
_cTEXL
_2cc
999 _c1041989
_d1041989